| 000 | 01029cam a2200265 a 4500 | ||
|---|---|---|---|
| 001 | 19 | ||
| 003 | BR-CuiBMT | ||
| 005 | 20231216013837.0 | ||
| 008 | 230728s2021 mgba 000 0 por d | ||
| 020 | _a9786555183078 | ||
| 040 |
_aBR-CuiBMT _cBR-CuiBMT |
||
| 080 |
_22007 _a342:336.22 |
||
| 090 |
_a342:336.22 _bN758 |
||
| 245 | 0 | 0 |
_aNoções gerais e limitações formais ao poder de tributar / _cOswaldo Othon de Pontes Saraiva Filho ... [et al.] coordenadores ; prefácio Vasco Branco Guimarães. |
| 260 |
_aBelo Horizonte : _bFórum, _c2021. |
||
| 300 |
_a494 p. : _bil. ; _c22 cm |
||
| 490 | 1 |
_aColeção Fórum princípios constitucionais tributários ; _v1 |
|
| 504 | _aInclui bibliografia. | ||
| 650 |
_aDireito tributário _zBrasil |
||
| 650 |
_aCompetência tributária _xLimitações _zBrasil |
||
| 650 |
_aDireito constitucional _xQuestões tributárias _zBrasil |
||
| 700 | 1 |
_aSaraiva Filho, Oswaldo Othon de Pontes _4et al. _4coord. |
|
| 830 | 0 |
_aFórum princípios constitucionais tributários ; _v1 |
|
| 942 |
_2udc _cLV |
||
| 999 |
_c19 _d19 |
||